000 00311nam a2200109Ia 4500
008 180205s9999 xx 000 0 und d
020 _a9710843435
100 _aFernando, Jovita N.
245 _aCollege english for today :
_bbook 2
260 _aKalookan City
_bNational book store
_c1988
300 _av, 389 pages
999 _c354697
_d354697